Globálny terorizmus ako dôsledok globalizácie

Štádiá vývoja terorizmu. Lokálny charakter terorizmu. Medzinárodný terorizmus. Globálny terorizmus. Globálna teroristická organizácia al-Káida.Teroristické útoky a ich medializácia. Cieľ teroristov- šíriť strach a hrôzu a tým zaujať pozornosť spoločnosti.

Guardado en:
Detalles Bibliográficos
Autor principal: Vigašová, Daniela
Formato: Capítulo de libro
Lenguaje:eslovaco
Materias:
Etiquetas: Agregar Etiqueta
Sin Etiquetas, Sea el primero en etiquetar este registro!

MARC

LEADER 00000naa$a2200000$$$4500
001 0066749
005 20231016092839.8
041 0 |a slo 
044 |a CZ 
245 1 0 |a Globálny terorizmus ako dôsledok globalizácie  |c Daniela Vigašová 
520 |a Štádiá vývoja terorizmu. Lokálny charakter terorizmu. Medzinárodný terorizmus. Globálny terorizmus. Globálna teroristická organizácia al-Káida.Teroristické útoky a ich medializácia. Cieľ teroristov- šíriť strach a hrôzu a tým zaujať pozornosť spoločnosti. 
610 2 0 |a politika medzinárodná 
610 2 0 |a vzťahy medzinárodné 
610 2 0 |a konflikty etnické 
610 2 0 |a konflikty náboženské 
610 2 0 |a terorizmus 
610 2 0 |a globalizácia 
100 1 |a Vigašová, Daniela